ERP - od Sci-fi k realite

Podnikové informačné systémy a trendy (ERP). Informačné technológie vnútri oraganizácie ale aj medzi jednotlivými organizáciami. Elektronická výmena dokumentov a automatizácia firemných postupov, takzvaný workflow. Dátové sklady a business intelligence. Riadenie vzťahov so zákazníkmi a systémy CRM.

Guardado en:
Detalles Bibliográficos
Autor principal: Zima, Slavomír
Formato: Capítulo de libro
Lenguaje:eslovaco
Materias:
Etiquetas: Agregar Etiqueta
Sin Etiquetas, Sea el primero en etiquetar este registro!

MARC

LEADER 00000naa a2200000 4500
001 0117884
005 20231011072206.8
041 0 |a slo 
044 |a CZ 
245 1 0 |a ERP - od Sci-fi k realite  |c Slavomír Zima 
520 |a Podnikové informačné systémy a trendy (ERP). Informačné technológie vnútri oraganizácie ale aj medzi jednotlivými organizáciami. Elektronická výmena dokumentov a automatizácia firemných postupov, takzvaný workflow. Dátové sklady a business intelligence. Riadenie vzťahov so zákazníkmi a systémy CRM. 
610 2 0 |a technológie informačné 
610 2 0 |a systémy informačné organizácií 
610 2 0 |a systémy informačné odvetvové 
610 2 0 |a systémy informačné podnikové 
610 2 0 |a komunikácia elektronická 
610 2 0 |a systémy informačné manažérske 
610 2 0 |a systémy riadenia 
100 1 |a Zima, Slavomír